000 00902cad a22002055a 4500
001 L157843
008 130531s2013 xxk f 000 0 eng d
035 _a(Sirsi) u157843
041 0 _aeng
110 2 _aUnited Kingdom
_bDepartment of Energy and Climate Change
_95850
245 0 4 _aThe Green Deal
_bCashback for energy saving home improvements
_h[electronic resource]
260 _aLondon
_bDECC
_c2013
520 _aGuide to Green Deal cashback scheme with money available to householders who make energy saving home improvements. Includes advice on who qualifies for the scheme and the cashback amounts.
590 _aKA
651 4 _aUnited Kingdom
690 _aEnergy
_96237
690 _aSustainability
_96271
856 4 0 _uhttps://www.gov.uk/government/uploads/system/uploads/attachment_data/file/204120/QG_Cashback-web.pdf
_zView the publication free of charge at www.gov.uk
942 _n0
999 _c114995
_d114995